Guess the 1970s song lyrics #78 - Statistics

General Stats
  • This quiz has been taken 26 times
    3 since last reset
  • The average score is 221 of 247
Answer Stats
Answer % Correct
a
100%
all
100%
All
100%
And
100%
and
100%
as
100%
Baby
100%
baby
100%
back
100%
blame
100%
But
100%
can
100%
can't
100%
chance
100%
come
100%
comes
100%
could
100%
day
100%
down
100%
feeling
100%
fool
100%
for
100%
get
100%
Give
100%
heart
100%
How
100%
I
100%
I'm
100%
in
100%
is
100%
it
100%
just
100%
live
100%
love
100%
me
100%
mind
100%
my
100%
Now
100%
of
100%
off
100%
oh
100%
on
100%
out
100%
see
100%
sun
100%
that
100%
the
100%
time
100%
to
100%
up
100%
was
100%
were
100%
when
100%
where
100%
wish
100%
without
100%
wrong
100%
you
100%
your
100%
about
67%
again
67%
Ain't
67%
any
67%
anything
67%
bravado
67%
Doing
67%
everything
67%
God
67%
goes
67%
going
67%
Have
67%
here
67%
kind
67%
left
67%
long
67%
make
67%
money
67%
morning
67%
nights
67%
Nothing
67%
nothing
67%
right
67%
something
67%
Spending
67%
started
67%
There
67%
there
67%
town
67%
used
67%
empty
33%
false
33%
forget
33%
hides
33%
keep
33%
mask
33%
put
33%
smile
33%
tear
33%
together
33%
trying
33%
Trying
33%
waste
33%
wearing
33%
darling
0%
listen
0%
No matching quizzes found
Score Distribution
Percent of People with Each Score
Percentile by Number Answered
Your Score History
You have not taken this quiz since the last reset